[Event "Manhems Schackvecka Elo 2008"]
[Site "?"]
[Date "2008.08.02"]
[Round "1"]
[White "Johansson, Alexander"]
[Black "Wihlborn, Bengt"]
[Result "1-0"]
[WhiteElo "2060"]
[BlackElo "1904"]
[PlyCount "93"]
[EventDate "2008.08.02"]
[SourceDate "2008.08.02"]

1. d4 d6 2. Nf3 Bg4 3. c4 c6 4. Nc3 Nd7 5. g3 e5 6. Bg2 Ngf6 7. dxe5 dxe5 8.
O-O Be7 9. Be3 O-O 10. Qc2 Qc7 11. Rad1 Rfe8 12. Nh4 Be6 13. b3 Ng4 14. Nf5
Nxe3 15. fxe3 Bf8 16. Ne4 Nc5 17. Nh6+ Kh8 18. Ng5 e4 19. Nhxf7+ Bxf7 20. Nxf7+
Kg8 21. b4 Nd7 22. Bxe4 Nf6 23. Rxf6 gxf6 24. Bxh7+ Kxf7 25. Qg6+ Ke7 26. Bg8
Qd6 27. Qf7+ Kd8 28. Rxd6+ Bxd6 29. Qxf6+ Be7 30. Qd4+ Kc7 31. Bf7 Rf8 32. Be6
Rad8 33. Qe5+ Bd6 34. Qg7+ Kb8 35. c5 Bc7 36. Bf7 Rd1+ 37. Kf2 Rfd8 38. Bg6 a5
39. a3 axb4 40. axb4 R1d5 41. h4 Be5 42. Qe7 Bc3 43. Qe4 Rf8+ 44. Kg2 Be1 45.
Kh3 Rf1 46. b5 Rxc5 47. b6 1-0

[Event "Manhems Schackvecka Elo 2008"]
[Site "?"]
[Date "2008.08.02"]
[Round "1"]
[White "Lidén, Tommy"]
[Black "Wickström, Tommy"]
[Result "1/2-1/2"]
[WhiteElo "1950"]
[BlackElo "1958"]
[PlyCount "100"]
[EventDate "2008.08.02"]
[SourceDate "2008.08.02"]

1. e4 e6 2. d4 d5 3. Nd2 Nc6 4. c3 e5 5. dxe5 Nxe5 6. Ndf3 Nxf3+ 7. Nxf3 Nf6 8.
exd5 Qxd5 9. Qxd5 Nxd5 10. Bc4 Nb6 11. Bb3 Bd6 12. O-O O-O 13. Re1 Bf5 14. Nd4
Bd7 15. a4 Rae8 16. Be3 a6 17. a5 Nc8 18. Bd5 c6 19. Bf3 Bc7 20. Red1 Rd8 21.
Nb3 Ne7 22. Bc5 Rfe8 23. Rd2 Be6 24. Rxd8 Bxd8 25. Nd4 Bc8 26. Re1 Bd7 27. h3
f6 28. b4 Kf7 29. Bd1 Nd5 30. Rxe8 Kxe8 31. c4 Nf4 32. Bd6 Ne6 33. Nf5 g6 34.
Ne3 c5 35. Nd5 cxb4 36. Bxb4 Bc6 37. Bc3 Kf7 38. g3 Ng5 39. f4 Ne4 40. Be1 Nd6
41. Be2 Ke6 42. Ne3 Nf5 43. Nxf5 Kxf5 44. Kf2 Be7 45. Ke3 Bc5+ 46. Kd3 Be4+ 47.
Kc3 h5 48. Bd2 Ke6 49. g4 hxg4 50. hxg4 f5 1/2-1/2

[Event "Manhems Schackvecka Elo 2008"]
[Site "?"]
[Date "2008.08.02"]
[Round "1"]
[White "Eriksson, Linus"]
[Black "Svedberg, Hans"]
[Result "0-1"]
[WhiteElo "1902"]
[BlackElo "2013"]
[PlyCount "64"]
[EventDate "2008.08.02"]
[SourceDate "2008.08.02"]

1. d4 Nf6 2. Nf3 d5 3. e3 g6 4. Bd3 Bg7 5. Nbd2 O-O 6. b3 c5 7. Bb2 b6 8. O-O
Bb7 9. Ne5 Ne4 10. f4 e6 11. Ndf3 f6 12. Ng4 Nd7 13. Qe1 Nd6 14. Qh4 Nf5 15.
Qh3 Qc7 16. Nh4 Rfe8 17. Nxf5 exf5 18. Nf2 c4 19. bxc4 dxc4 20. Be2 b5 21. Nd1
Nb6 22. Qh4 Nd5 23. Qf2 Bf8 24. a3 c3 25. Bc1 a6 26. Rb1 Rac8 27. Qe1 b4 28.
Rb3 a5 29. a4 Qd7 30. Bd3 Qxa4 31. e4 fxe4 32. Bxe4 f5 0-1

[Event "Manhems Schackvecka Elo 2008"]
[Site "?"]
[Date "2008.08.02"]
[Round "1"]
[White "Holvason, Juri"]
[Black "Johansson, Robin"]
[Result "1/2-1/2"]
[WhiteElo "2041"]
[BlackElo "2047"]
[PlyCount "160"]
[EventDate "2008.08.02"]
[SourceDate "2008.08.02"]

1. e4 c5 2. Nf3 Nc6 3. Bb5 g6 4. O-O Bg7 5. c3 Qb6 6. Na3 d6 7. d4 Bd7 8. Be3
Nf6 9. dxc5 dxc5 10. Qd3 Rd8 11. Nc4 Qc7 12. Bxc5 Nb8 13. Bxd7+ Rxd7 14. Bd4
O-O 15. Nce5 Rdd8 16. Qe2 b6 17. Rfe1 Qb7 18. a4 Na6 19. a5 Nc5 20. axb6 axb6
21. Bxc5 bxc5 22. Ra5 Rc8 23. Rb5 Qa7 24. Qc4 Ne8 25. Qd5 Nc7 26. Rb7 Qa8 27.
Qb3 Rb8 28. Nxf7 e6 29. Nd6 Rxb7 30. Qxb7 Qxb7 31. Nxb7 Rb8 32. Nxc5 Rxb2 33.
g3 Rb5 34. Na4 Ra5 35. Nb6 Bxc3 36. Rd1 Ne8 37. Rd8 Kf8 38. h4 h6 39. Kg2 Ke7
40. Rd7+ Kf8 41. Rd3 Ba1 42. Nd7+ Kf7 43. Nd2 Rb5 44. Ra3 Bb2 45. Ra7 Bd4 46.
Ne5+ Kg8 47. Ra8 Bxe5 48. Rxe8+ Kf7 49. Ra8 Bd4 50. Nf3 Bb6 51. Ra2 g5 52. hxg5
hxg5 53. Kh3 Kg6 54. Kg4 Kh6 55. Ne1 Rb4 56. f3 Rb3 57. Rc2 Kg6 58. Rc6 Kf6 59.
f4 gxf4 60. gxf4 Ke7 61. Nf3 Bf2 62. Rc2 Be3 63. Ne5 Rb1 64. Rc7+ Ke8 65. Nc6
Rf1 66. Re7+ Kf8 67. Rxe6 Rxf4+ 68. Kh5 Kg7 69. Nd8 Rf6 70. Re8 Bb6 71. e5 Rf2
72. Nb7 Rf8 73. Re6 Bc7 74. Kg5 Kf7 75. Kf5 Rh8 76. Nd6+ Bxd6 77. Rxd6 Rh5+ 78.
Ke4 Ke7 79. Kd5 Rh1 80. Re6+ Kd7 1/2-1/2

[Event "Manhems Schackvecka Elo 2008"]
[Site "?"]
[Date "2008.08.02"]
[Round "1"]
[White "Fransson, Lennart"]
[Black "Holmgren, Björn"]
[Result "1/2-1/2"]
[WhiteElo "1906"]
[BlackElo "1924"]
[PlyCount "99"]
[EventDate "2008.08.02"]
[SourceDate "2008.08.02"]

1. c4 c5 2. g3 Nc6 3. Bg2 g6 4. Nc3 Bg7 5. e3 Nf6 6. Nge2 O-O 7. d4 cxd4 8.
exd4 d6 9. O-O Bf5 10. h3 h5 11. Bg5 Qc8 12. Kh2 Nh7 13. Be3 Nb4 14. Rc1 Nf6
15. Qb3 Nc6 16. Qa3 Re8 17. b4 a5 18. b5 Nb4 19. c5 Nc2 20. Rxc2 Bxc2 21. Rc1
Bf5 22. Na4 Qb8 23. c6 bxc6 24. Bxc6 Bd7 25. Bxa8 Qxb5 26. Nac3 Qb4 27. Qxb4
axb4 28. Bb7 bxc3 29. Rxc3 Rb8 30. Rc7 Be6 31. a4 Ne8 32. Rxe7 Bf6 33. Rxe8+
Rxe8 34. Bc6 Rc8 35. d5 Bf5 36. Nd4 Be4 37. Nb5 Rxc6 38. dxc6 Bxc6 39. Kg1 d5
40. Kf1 d4 41. Bf4 g5 42. Bd6 Bd7 43. Ke2 Bxh3 44. a5 d3+ 45. Kd2 Bd7 46. Nc7
Bd4 47. f4 gxf4 48. Bxf4 Bf5 49. a6 Be4 50. Nb5 1/2-1/2

[Event "Manhems Schackvecka Elo 2008"]
[Site "?"]
[Date "2008.08.03"]
[Round "2"]
[White "Wihlborn, Bengt"]
[Black "Fransson, Lennart"]
[Result "1-0"]
[WhiteElo "1904"]
[BlackElo "1906"]
[PlyCount "81"]
[EventDate "2008.08.02"]
[SourceDate "2008.08.02"]

1. Nf3 f5 2. e4 fxe4 3. Ng5 e6 4. d3 Be7 5. h4 Nf6 6. dxe4 Nc6 7. Nc3 O-O 8.
Be2 Qe8 9. Be3 a6 10. f4 d6 11. g3 b5 12. Bf3 Rb8 13. Qd2 a5 14. Qg2 Bd7 15.
O-O-O b4 16. Ne2 e5 17. f5 a4 18. g4 b3 19. cxb3 axb3 20. a3 Na5 21. Kb1 Nc4
22. Bc1 d5 23. exd5 Nxa3+ 24. bxa3 b2 25. Bxb2 Bxa3 26. Rd2 Bxb2 27. Rxb2 Rxb2+
28. Kxb2 Qe7 29. Nc1 e4 30. Nxe4 Nxd5 31. Qd2 Qe5+ 32. Nc3 Rb8+ 33. Nb3 Nb6 34.
Kc1 Kh8 35. Qd4 Qe7 36. Nc5 Be8 37. Ne6 c5 38. Qe5 Nd7 39. Qc7 c4 40. Qa5 Ne5
41. Qxe5 1-0

[Event "Manhems Schackvecka Elo 2008"]
[Site "?"]
[Date "2008.08.03"]
[Round "2"]
[White "Wickström, Tommy"]
[Black "Johansson, Alexander"]
[Result "1-0"]
[WhiteElo "1958"]
[BlackElo "2157"]
[PlyCount "81"]
[EventDate "2008.08.02"]
[SourceDate "2008.08.02"]

1. d4 Nf6 2. Nf3 g6 3. c4 Bg7 4. Nc3 O-O 5. e4 d6 6. h3 c5 7. d5 e6 8. Bg5 h6
9. Be3 exd5 10. exd5 Re8 11. Bd3 a6 12. a4 Nbd7 13. Qc2 Ne5 14. Nxe5 Rxe5 15.
g4 Bd7 16. O-O-O Qc7 17. Bf4 Ree8 18. Rde1 Kh7 19. f3 b5 20. h4 bxc4 21. Bxc4
Kg8 22. Bd3 Rxe1+ 23. Rxe1 Be8 24. Qh2 Bf8 25. g5 Nh5 26. Ne4 Bxa4 27. gxh6 c4
28. Bb1 Qa5 29. Bd2 Qb6 30. Nc3 Be8 31. Qg2 Rb8 32. Nd1 a5 33. Rxe8 Rxe8 34.
Bxg6 Nf6 35. Qg5 Qd8 36. Bc2+ Kh8 37. Bc3 Re5 38. Bxe5 dxe5 39. Ne3 c3 40. Ng4
cxb2+ 41. Kb1 1-0

[Event "Manhems Schackvecka Elo 2008"]
[Site "?"]
[Date "2008.08.03"]
[Round "2"]
[White "Johansson, Robin"]
[Black "Lidén, Tommy"]
[Result "1-0"]
[WhiteElo "2047"]
[BlackElo "1950"]
[PlyCount "85"]
[EventDate "2008.08.02"]
[SourceDate "2008.08.02"]

1. d4 Nf6 2. Nf3 g6 3. c4 Bg7 4. Nc3 O-O 5. e4 d6 6. Be2 e5 7. O-O Nc6 8. d5
Ne7 9. Ne1 Ne8 10. f3 f5 11. Be3 f4 12. Bf2 a5 13. a3 g5 14. b4 h5 15. c5 Rf7
16. cxd6 Nxd6 17. bxa5 Rxa5 18. Qb3 Bd7 19. Qb4 Ra8 20. Nd3 Ng6 21. a4 g4 22.
Nc5 Qg5 23. Ne6 Bxe6 24. dxe6 Re7 25. Nd5 g3 26. Nxe7+ Nxe7 27. Bc5 Nc6 28. Qc3
gxh2+ 29. Kh1 Kh7 30. Bb5 Nd4 31. Bxd4 exd4 32. Qxc7 Qe5 33. Qd7 Re8 34. Rac1
Rxe6 35. Rc7 Rg6 36. Bd3 Kh6 37. Rfc1 Qg5 38. Qh3 Be5 39. R1c5 Qf6 40. Rd5 Rg3
41. Qd7 Qg6 42. Rxe5 Rxg2 43. Qh7+ 1-0

[Event "Manhems Schackvecka Elo 2008"]
[Site "?"]
[Date "2008.08.03"]
[Round "2"]
[White "Eriksson, Linus"]
[Black "Holvason, Juri"]
[Result "0-1"]
[WhiteElo "1902"]
[BlackElo "2041"]
[PlyCount "58"]
[EventDate "2008.08.02"]
[SourceDate "2008.08.02"]

1. d4 Nf6 2. Nf3 g6 3. e3 Bg7 4. Bd3 d6 5. b3 c6 6. Bb2 O-O 7. Nbd2 Nbd7 8. O-O
Re8 9. e4 Qc7 10. Qe2 Nh5 11. Qe3 e5 12. h3 Nf4 13. dxe5 dxe5 14. Bc4 b5 15.
Bd3 Bh6 16. Kh2 Nf6 17. Qc5 Bxh3 18. gxh3 Qd7 19. Ng1 Nxd3 20. cxd3 Bxd2 21.
Bxe5 Nh5 22. Bg3 Qxd3 23. Qxc6 Qxe4 24. Qxb5 Rad8 25. f3 Qc2 26. Rf2 Nxg3 27.
Kxg3 Re1 28. Rf1 Bf4+ 29. Kxf4 Qh2+ 0-1

[Event "Manhems Schackvecka Elo 2008"]
[Site "?"]
[Date "2008.08.03"]
[Round "2"]
[White "Svedberg, Hans"]
[Black "Holmgren, Björn"]
[Result "0-1"]
[WhiteElo "2010"]
[BlackElo "1924"]
[PlyCount "95"]
[EventDate "2008.08.02"]
[SourceDate "2008.08.02"]

1. e4 c5 2. Nf3 Nc6 3. Bb5 g6 4. O-O Bg7 5. c3 Nf6 6. Qa4 O-O 7. d4 cxd4 8.
cxd4 a6 9. d5 Nb8 10. Nc3 d6 11. Be2 Nbd7 12. h3 b5 13. Qc2 Bb7 14. Be3 b4 15.
Na4 Rc8 16. Qd3 Qa5 17. b3 e6 18. dxe6 fxe6 19. Ng5 Nxe4 20. Nxe6 Bxa1 21. Nxf8
Ne5 22. Qb1 Qd5 23. Nd7 Nxd7 24. Qxa1 Nd2 25. f3 Nxf1 26. Bxf1 Qe5 27. Bd4 Qf4
28. Bc4+ Kf8 29. Nb6 Nxb6 30. Bxb6 Qe5 31. Bd4 Qe7 32. Qc1 d5 33. Qh6+ Ke8 34.
Bd3 Qe1+ 35. Kh2 Qc1 36. Qg7 Qc7+ 37. Qxc7 Rxc7 38. Kg3 Rc1 39. Kf2 Kd7 40. f4
Ke6 41. g4 Rd1 42. f5+ Kf7 43. fxg6+ hxg6 44. Ke3 Rh1 45. Bc5 Rxh3+ 46. Kd4 Rh2
47. Bxb4 Rxa2 48. Bc5 0-1

[Event "Manhems Schackvecka Elo 2008"]
[Site "?"]
[Date "2008.08.04"]
[Round "3"]
[White "Holmgren, Björn"]
[Black "Wihlborn, Bengt"]
[Result "1-0"]
[WhiteElo "1924"]
[BlackElo "1904"]
[PlyCount "81"]
[SourceDate "2008.08.02"]

1. e4 c5 2. Nf3 e6 3. d4 cxd4 4. Nxd4 a6 5. f4 d5 6. e5 Nc6 7. Nf3 Qb6 8. Bd3
Nge7 9. Nc3 Nb4 10. a3 Nxd3+ 11. Qxd3 h5 12. Be3 Qc7 13. O-O-O Nf5 14. Bf2 Be7
15. h3 h4 16. Nd4 g6 17. Nxf5 gxf5 18. g4 hxg3 19. Bxg3 Bd7 20. h4 Rc8 21. h5
Bxa3 22. Bh4 Qxc3 23. Qxc3 Rxc3 24. Bf6 Rh7 25. Rdg1 Ba4 26. bxa3 Rxc2+ 27. Kb1
Rf2 28. Rg8+ Kd7 29. Rg7 Bc2+ 30. Kc1 Rxg7 31. Bxg7 Be4 32. Rh3 d4 33. h6 Ra2
34. h7 Ra1+ 35. Kb2 Rb1+ 36. Ka2 Rg1 37. h8=Q Rg2+ 38. Kb3 Bd5+ 39. Kb4 b6 40.
Rh2 Rg3 41. Qf8 1-0

[Event "Manhems Schackvecka Elo 2008"]
[Site "?"]
[Date "2008.08.04"]
[Round "3"]
[White "Johansson, Alexander"]
[Black "Johansson, Robin"]
[Result "1/2-1/2"]
[WhiteElo "2060"]
[BlackElo "2047"]
[PlyCount "104"]
[EventDate "2008.08.02"]
[SourceDate "2008.08.02"]

1. d4 Nf6 2. Nf3 g6 3. Nc3 Bg7 4. Bf4 O-O 5. e3 d6 6. Be2 Nbd7 7. Qd2 c6 8. O-O
Rb8 9. a4 Re8 10. Rfd1 Nf8 11. h3 Ne6 12. Bh2 Bd7 13. e4 c5 14. d5 Nc7 15. e5
dxe5 16. Bxe5 Rc8 17. d6 exd6 18. Qxd6 Na8 19. Qd2 Bc6 20. Qc1 Qa5 21. Qg5 Ne4
22. Nxe4 Bxe4 23. Bc4 Nb6 24. Bxg7 Kxg7 25. Bb5 Re6 26. c3 h6 27. Qd2 c4 28.
Qd4+ Kg8 29. Ne5 a6 30. Qxe4 axb5 31. Qf4 Rf8 32. Nd7 Nxd7 33. Rxd7 bxa4 34.
Rxb7 Qa6 35. Rc7 Rc6 36. Re7 Qb5 37. Qd2 Rb6 38. Re2 Qc6 39. Qxh6 Rfb8 40. Qc1
Rb3 41. Rc2 Qb5 42. Qf4 Rc8 43. Qd2 Rb8 44. Qd4 Ra8 45. Qd2 Rb8 46. g3 Kg7 47.
Qd4+ Kg8 48. h4 Qc6 49. Qd2 Qb5 50. Qd4 Qc6 51. Qd2 Qb5 52. Qd4 Qc6 1/2-1/2

[Event "Manhems Schackvecka Elo 2008"]
[Site "?"]
[Date "2008.08.04"]
[Round "3"]
[White "Fransson, Lennart"]
[Black "Wickström, Tommy"]
[Result "0-1"]
[WhiteElo "1906"]
[BlackElo "1958"]
[PlyCount "62"]
[EventDate "2008.08.02"]
[SourceDate "2008.08.02"]

1. c4 b6 2. g3 Bb7 3. Nf3 Bxf3 4. exf3 c5 5. Nc3 Nc6 6. f4 Nh6 7. Bg2 g6 8. O-O
Bg7 9. Re1 O-O 10. d3 Nf5 11. Rb1 Nfd4 12. a3 a5 13. Nb5 Re8 14. Be3 Rb8 15.
Nxd4 Nxd4 16. b4 d6 17. Bxd4 Bxd4 18. bxa5 bxa5 19. Bc6 Rf8 20. Rxb8 Qxb8 21.
Rxe7 Qb2 22. Qf3 Rb8 23. Bb5 Rf8 24. a4 h5 25. Kg2 Kg7 26. Ra7 h4 27. f5 h3+
28. Kxh3 Rh8+ 29. Kg4 Rh6 30. f6+ Bxf6 31. Qb7 Qe2+ 0-1

[Event "Manhems Schackvecka Elo 2008"]
[Site "?"]
[Date "2008.08.04"]
[Round "3"]
[White "Holvason, Juri"]
[Black "Svedberg, Hans"]
[Result "0-1"]
[WhiteElo "2041"]
[BlackElo "2013"]
[PlyCount "128"]
[EventDate "2008.08.02"]
[SourceDate "2008.08.02"]

1. e4 e5 2. Nf3 d6 3. Bc4 Be7 4. O-O Nf6 5. Re1 O-O 6. h3 c6 7. Bb3 Qc7 8. c3
h6 9. d3 Nbd7 10. Nbd2 Nc5 11. Bc2 Ne6 12. d4 Rd8 13. Nf1 g5 14. Ng3 Nf4 15.
Nh2 Kh7 16. Nf5 Bxf5 17. exf5 Bf8 18. Ng4 Bg7 19. g3 N4h5 20. Nh2 Re8 21. h4
gxh4 22. g4 Nf4 23. Bxf4 exf4 24. Qd2 d5 25. f3 Kg8 26. Qf2 Qb6 27. Bb3 a5 28.
Re5 Nh7 29. Ree1 Ng5 30. Qxh4 a4 31. f6 Bf8 32. Bxa4 Qxb2 33. Bb3 Qxc3 34. Rad1
Re3 35. Rf1 Re2 36. Rf2 Rae8 37. Kg2 Qb2 38. Re1 Qd2 39. Rfxe2 Rxe2+ 40. Rxe2
Qxe2+ 41. Qf2 Qe6 42. Nf1 Qxf6 43. Nd2 Bg7 44. Nb1 Qxd4 45. Qxd4 Bxd4 46. Na3
Kf8 47. Nc2 Bc3 48. Kf2 Ke7 49. Ke2 Kd6 50. Kd3 Be5 51. Ne1 c5 52. Bd1 b5 53.
Ng2 c4+ 54. Kd2 Ne6 55. Nh4 Nd4 56. Bc2 Nxc2 57. Kxc2 Ke6 58. Kd2 b4 59. Kc2
Bf6 60. Ng2 Bg5 61. Ne1 f5 62. gxf5+ Kxf5 63. Kd2 Ke5 64. Nc2 Be7 0-1

[Event "Manhems Schackvecka Elo 2008"]
[Site "?"]
[Date "2008.08.05"]
[Round "4"]
[White "Johansson, Robin"]
[Black "Fransson, Lennart"]
[Result "0-1"]
[WhiteElo "2047"]
[BlackElo "2036"]
[PlyCount "52"]
[EventDate "2008.08.02"]
[SourceDate "2008.08.02"]

1. d4 f5 2. c4 Nf6 3. Nc3 e6 4. Nf3 Be7 5. e3 O-O 6. Bd3 d6 7. Qe2 a5 8. e4
fxe4 9. Nxe4 e5 10. dxe5 dxe5 11. Nxe5 Bb4+ 12. Bd2 Re8 13. Bxb4 axb4 14. f4
Nc6 15. O-O Nxe5 16. fxe5 Rxe5 17. Nxf6+ gxf6 18. Qf3 Qd4+ 19. Kh1 Re3 20. Qh5
Qxd3 21. Rxf6 Be6 22. Raf1 Kh8 23. h3 Rg8 24. Qh6 Qe4 25. R1f3 Re1+ 26. Kh2 Qb1
0-1

[Event "Manhems Schackvecka Elo 2008"]
[Site "?"]
[Date "2008.08.05"]
[Round "4"]
[White "Wickström, Tommy"]
[Black "Holmgren, Björn"]
[Result "0-1"]
[WhiteElo "1958"]
[BlackElo "1924"]
[PlyCount "58"]
[EventDate "2008.08.02"]
[SourceDate "2008.08.02"]

1. d4 Nf6 2. Nf3 c5 3. d5 e6 4. c4 exd5 5. cxd5 d6 6. Nc3 g6 7. h3 Bg7 8. e4
O-O 9. Bd3 Re8 10. O-O Nbd7 11. Bf4 c4 12. Bc2 Nc5 13. Nd2 b5 14. Nxb5 Nfxe4
15. Nxc4 Ba6 16. a4 Qh4 17. Qg4 Qf6 18. Rfe1 Bxb5 19. axb5 Qd4 20. Qe2 Qxd5 21.
Rad1 Qb7 22. b4 Qxb5 23. Nxd6 Nxd6 24. Qxb5 Nxb5 25. Rxe8+ Rxe8 26. bxc5 Nc3
27. c6 Nxd1 28. Bxd1 Re1+ 29. Kh2 Be5 0-1

[Event "Manhems Schackvecka Elo 2008"]
[Site "?"]
[Date "2008.08.05"]
[Round "4"]
[White "Svedberg, Hans"]
[Black "Wihlborn, Bengt"]
[Result "1/2-1/2"]
[WhiteElo "2010"]
[BlackElo "1904"]
[PlyCount "80"]
[EventDate "2008.08.02"]
[SourceDate "2008.08.02"]

1. e4 c5 2. Nf3 e6 3. d4 cxd4 4. Nxd4 a6 5. Nc3 Qc7 6. Bd3 Nf6 7. O-O Nc6 8.
Nxc6 dxc6 9. a4 a5 10. Qe2 e5 11. Bc4 Bg4 12. f3 Bh5 13. Be3 b6 14. Qf2 Rb8 15.
g4 Bg6 16. h4 h5 17. g5 Nd7 18. Rad1 Bc5 19. Rxd7 Qxd7 20. Bxc5 bxc5 21. Qxc5
Qd4+ 22. Qxd4 exd4 23. Nd1 f6 24. gxf6 gxf6 25. b3 Bf7 26. Bd3 Ke7 27. Kf2 Kd6
28. Nb2 Ke5 29. Be2 Rhg8 30. Bc4 Bxc4 31. Nxc4+ Kf4 32. Nxa5 Rbc8 33. Nc4 Rg3
34. Ke2 Rg2+ 35. Kd3 Rd8 36. Na5 c5 37. Nb7 Rc8 38. Nd6 Rcg8 39. Nb7 Rc8 40.
Nd6 Rcg8 1/2-1/2

[Event "Manhems Schackvecka Elo 2008"]
[Site "?"]
[Date "2008.08.05"]
[Round "4"]
[White "Holvason, Juri"]
[Black "Lidén, Tommy"]
[Result "1-0"]
[WhiteElo "2041"]
[BlackElo "1902"]
[PlyCount "79"]
[EventDate "2008.08.02"]
[SourceDate "2008.08.02"]

1. e4 c5 2. Nf3 d6 3. d4 cxd4 4. Nxd4 Nf6 5. Nc3 a6 6. Bg5 e6 7. f4 Nbd7 8. Qf3
Qc7 9. O-O-O b5 10. Bd3 Bb7 11. Rhe1 Qb6 12. Bxf6 Nxf6 13. g4 b4 14. Nce2 d5
15. Ng3 O-O-O 16. e5 Nd7 17. Bf1 Bc5 18. Nb3 Be7 19. f5 Rhf8 20. Kb1 a5 21. Nh5
a4 22. Nc1 g6 23. f6 Bc5 24. Nf4 Bd4 25. Nfd3 a3 26. Nb3 Bxb2 27. Nxb2 axb2 28.
Rd4 Nc5 29. Nxc5 Qxc5 30. Qf4 Rd7 31. Rxb4 Rc7 32. Qd2 Kd7 33. Rb5 Qa3 34. Re3
Qa7 35. Qb4 Rd8 36. Rb6 Kc8 37. Ra3 Qb8 38. Ba6 Rdd7 39. Rxb7 Rxb7 40. Rc3+ 1-0

[Event "Manhems Schackvecka Elo 2008"]
[Site "?"]
[Date "2008.08.05"]
[Round "4"]
[White "Eriksson, Linus"]
[Black "Johansson, Alexander"]
[Result "0-1"]
[WhiteElo "1902"]
[BlackElo "2157"]
[PlyCount "82"]
[EventDate "2008.08.02"]
[SourceDate "2008.08.02"]

1. d4 Nf6 2. Nf3 g6 3. c4 Bg7 4. Nc3 O-O 5. e4 d6 6. h3 e5 7. d5 a5 8. Be3 Na6
9. a3 Qe8 10. Nd2 Nh5 11. b4 f5 12. f3 f4 13. Bf2 axb4 14. axb4 Bd7 15. Qb3 Qe7
16. c5 Nxc5 17. Qb2 Na4 18. Nxa4 Bxa4 19. Qa2 Bf6 20. Bc4 Kg7 21. b5 Bh4 22.
O-O Bg3 23. Qa3 b6 24. Qb4 Bc2 25. Qc3 Ba4 26. Qb4 Bc2 27. Rfc1 Rxa1 28. Rxa1
g5 29. Qc3 g4 30. fxg4 f3 31. Bxg3 Nxg3 32. Qxc2 fxg2 33. Qd3 Qg5 34. Nf3 Qf4
35. Kxg2 Nxe4 36. Kf1 Qg3 37. Qxe4 Rxf3+ 38. Ke2 Qg2+ 39. Kd1 Rf1+ 40. Qe1
Rxe1+ 41. Kxe1 Qg1+ 0-1

[Event "Manhems Schackvecka Elo 2008"]
[Site "?"]
[Date "2008.08.06"]
[Round "5"]
[White "Lidén, Tommy"]
[Black "Svedberg, Hans"]
[Result "0-1"]
[WhiteElo "1950"]
[BlackElo "2013"]
[PlyCount "50"]
[EventDate "2008.08.02"]
[SourceDate "2008.08.02"]

1. e4 d6 2. d4 Nf6 3. Nc3 c6 4. Bg5 Nbd7 5. Nf3 e5 6. Qd2 Be7 7. dxe5 dxe5 8.
O-O-O Qc7 9. Bc4 b5 10. Bd3 O-O 11. Nh4 Nc5 12. Nf5 Bxf5 13. exf5 b4 14. Ne2
Nfe4 15. Bxe4 Nxe4 16. Qe3 Bxg5 17. f4 exf4 18. Qxe4 Rfe8 19. Qxb4 f3+ 20. Kb1
fxe2 21. Rde1 Rab8 22. Qg4 Qe5 23. c3 Bd2 24. f6 g6 25. Qh4 Rxb2+ 0-1

[Event "Manhems Schackvecka Elo 2008"]
[Site "?"]
[Date "2008.08.06"]
[Round "5"]
[White "Holmgren, Björn"]
[Black "Johansson, Robin"]
[Result "1-0"]
[WhiteElo "1924"]
[BlackElo "2065"]
[PlyCount "101"]
[EventDate "2008.08.02"]
[SourceDate "2008.08.02"]

1. e4 c5 2. Nf3 Nc6 3. d4 cxd4 4. Nxd4 g6 5. Nc3 Bg7 6. Be3 Nf6 7. Bc4 d6 8. f3
Bd7 9. Qd2 Rc8 10. Bb3 h5 11. O-O-O Ne5 12. Bg5 Nc4 13. Bxc4 Rxc4 14. Nde2 Qc7
15. Bxf6 exf6 16. Qxd6 Qxd6 17. Rxd6 Be6 18. Rhd1 O-O 19. Nd4 Bc8 20. Nd5 Kh8
21. b3 Rc5 22. c4 f5 23. Nf6 fxe4 24. Nxe4 Re5 25. Kc2 Re7 26. Nb5 a6 27. Nbc3
Ree8 28. h3 h4 29. b4 Bf5 30. Kb3 Be5 31. R6d5 Bf4 32. Nd6 Re3 33. Nxf5 gxf5
34. Rd8 Rxd8 35. Rxd8+ Kg7 36. Kc2 Bg5 37. Rd3 Re1 38. Rd1 Re3 39. a4 Bf6 40.
Nd5 Ra3 41. Nxf6 Kxf6 42. Kb2 Rxa4 43. Kb3 b5 44. c5 a5 45. bxa5 Ke7 46. c6
Rxa5 47. Kb4 Ra2 48. Kc5 Rxg2 49. c7 Rc2+ 50. Kb6 Ke6 51. f4 1-0

[Event "Manhems Schackvecka Elo 2008"]
[Site "?"]
[Date "2008.08.06"]
[Round "5"]
[White "Wihlborn, Bengt"]
[Black "Wickström, Tommy"]
[Result "1-0"]
[WhiteElo "1904"]
[BlackElo "1958"]
[PlyCount "67"]
[EventDate "2008.08.02"]
[SourceDate "2008.08.02"]

1. Nf3 f5 2. d3 Nc6 3. g3 e5 4. Bg2 Nf6 5. c3 g6 6. O-O Bg7 7. Bg5 h6 8. Bxf6
Qxf6 9. e4 d6 10. Qb3 Bd7 11. exf5 gxf5 12. Qxb7 Rb8 13. Qxc7 Ke7 14. Nd4 Nxd4
15. cxd4 Rhc8 16. Qxa7 Rxb2 17. dxe5 Qxe5 18. Na3 Qc3 19. Qe3+ Kf8 20. Nc4 Re8
21. Qf4 Rxf2 22. Qxd6+ Re7 23. Rab1 Rxf1+ 24. Kxf1 f4 25. Rb8+ Be8 26. Be4 fxg3
27. hxg3 Bf6 28. Qf4 Kg7 29. Nd6 Qa1+ 30. Kg2 Qxa2+ 31. Kf3 Ba4 32. Nf5+ Kf7
33. Nxh6+ Kg7 34. Qg4+ 1-0

[Event "Manhems Schackvecka Elo 2008"]
[Site "?"]
[Date "2008.08.06"]
[Round "5"]
[White "Johansson, Alexander"]
[Black "Holvason, Juri"]
[Result "0-1"]
[WhiteElo "2060"]
[BlackElo "2041"]
[PlyCount "90"]
[EventDate "2008.08.02"]
[SourceDate "2008.08.02"]

1. d4 Nf6 2. Nf3 g6 3. Nc3 Bg7 4. Bf4 d6 5. e3 O-O 6. Be2 c6 7. O-O Nbd7 8. a4
a5 9. h3 h6 10. Qd2 Nh7 11. Rad1 g5 12. Bh2 f5 13. Bc4+ d5 14. Bd3 Qe8 15. Ne5
Nxe5 16. dxe5 Rf7 17. Ne2 Nf8 18. Nd4 e6 19. c4 Nd7 20. cxd5 cxd5 21. Bxf5 Rxf5
22. Nxf5 exf5 23. Qxd5+ Kh8 24. f4 Nf8 25. e4 gxf4 26. Bxf4 fxe4 27. Qxe4 Bd7
28. Rd6 Ra6 29. Rxa6 bxa6 30. Rd1 Bc6 31. Qc2 Bxa4 32. b3 Bd7 33. Rd6 Be6 34.
Qd3 Qb5 35. Qd2 Qc5+ 36. Kh1 Qb5 37. Kg1 Qxb3 38. Qxa5 Qb1+ 39. Kh2 Qf5 40. Bg3
Ng6 41. Rxa6 Nxe5 42. Qd8+ Kh7 43. Qh4 Qc2 44. Qf4 Bxh3 45. Qf1 Bxg2 0-1

[Event "Manhems Schackvecka Elo 2008"]
[Site "?"]
[Date "2008.08.07"]
[Round "6"]
[White "Eriksson, Linus"]
[Black "Holmgren, Björn"]
[Result "0-1"]
[WhiteElo "1902"]
[BlackElo "1924"]
[PlyCount "58"]
[EventDate "2008.08.02"]
[SourceDate "2008.08.02"]

1. d4 Nf6 2. Nf3 c5 3. e3 cxd4 4. exd4 g6 5. Bd3 Bg7 6. O-O O-O 7. c3 d6 8. Re1
Nc6 9. Nbd2 a6 10. Qe2 Re8 11. Ne4 Nxe4 12. Bxe4 e5 13. Bxc6 bxc6 14. dxe5 dxe5
15. Ng5 h6 16. Ne4 f5 17. Nc5 Qh4 18. Qf3 Qf6 19. Be3 f4 20. Bxf4 Bf5 21. Be3
Rab8 22. Re2 a5 23. Rd1 e4 24. Qf4 Qf7 25. a3 g5 26. Qg3 Qh5 27. Rde1 Be5 28.
f4 exf3 29. Qxf3 Bg4 0-1

[Event "Manhems Schackvecka Elo 2008"]
[Site "?"]
[Date "2008.08.07"]
[Round "6"]
[White "Johansson, Robin"]
[Black "Wihlborn, Bengt"]
[Result "1-0"]
[WhiteElo "2065"]
[BlackElo "1904"]
[PlyCount "59"]
[EventDate "2008.08.02"]
[SourceDate "2008.08.02"]

1. d4 d6 2. e4 c6 3. Nf3 g6 4. c4 Bg7 5. Nc3 Bg4 6. Be3 Nd7 7. Be2 e5 8. O-O
Qc7 9. Qd2 Ne7 10. Rad1 O-O 11. dxe5 dxe5 12. h3 Bxf3 13. Qxd7 Qxd7 14. Rxd7
Bxe2 15. Nxe2 Nc8 16. Bc5 Nb6 17. Rxb7 Rfd8 18. b3 Rd2 19. Nc1 Bh6 20. Bb4 Rc2
21. Nd3 Rxa2 22. c5 Nc8 23. Nxe5 a5 24. Bc3 Bg7 25. Rd1 Na7 26. Rdd7 Nb5 27.
Rxf7 Bf8 28. Ng4 Nxc3 29. Nf6+ Kh8 30. Rxh7# 1-0

[Event "Manhems Schackvecka Elo 2008"]
[Site "?"]
[Date "2008.08.07"]
[Round "6"]
[White "Svedberg, Hans"]
[Black "Wickström, Tommy"]
[Result "1/2-1/2"]
[WhiteElo "2010"]
[BlackElo "1958"]
[PlyCount "51"]
[EventDate "2008.08.02"]
[SourceDate "2008.08.02"]

1. e4 e6 2. d4 d5 3. Nc3 Bb4 4. e5 c5 5. a3 Bxc3+ 6. bxc3 Qc7 7. Nf3 h6 8. a4
Qa5 9. Bd2 c4 10. h4 Bd7 11. Qb1 b6 12. Qa2 Ne7 13. Be2 O-O 14. O-O Nbc6 15.
Qb1 Nd8 16. g3 Bxa4 17. Kg2 b5 18. Rh1 Ndc6 19. Qc1 Kh7 20. Nh2 Qb6 21. g4 Nxd4
22. cxd4 Qxd4 23. Bf3 Qxe5 24. Bf4 Qc3 25. Rxa4 bxa4 26. Bd2 1/2-1/2